managerial statistics (Record no. 251648)
[ view plain ]
| 000 -LEADER | |
|---|---|
| fixed length control field | 00275nam a22001217a 4500 |
| 020 ## - INTERNATIONAL STANDARD BOOK NUMBER | |
| ISBN | 9781111534639 |
| 100 ## - MAIN ENTRY--AUTHOR NAME | |
| Personal name | keller gerald |
| 245 ## - TITLE STATEMENT | |
| Title | managerial statistics |
| 250 ## - EDITION STATEMENT | |
| Edition statement | 9th ed |
| 260 ## - PUBLICATION, DISTRIBUTION, ETC. (IMPRINT) | |
| Name of publisher | SOUTH WESTERN cengage LEARNING |
| Year of publication | 2012 |
| 300 ## - PHYSICAL DESCRIPTION | |
| Number of Pages | 921 |
| Other physical details | ILL |
| 942 ## - ADDED ENTRY ELEMENTS (KOHA) | |
| Koha item type | Long Loan Books |
| Withdrawn status | Lost status | Collection code | Home library | Current library | Shelving location | Date acquired | Full call number | Accession Number | Koha item type |
|---|---|---|---|---|---|---|---|---|---|
| Non-fiction | Rongo University Library | Rongo University Library | General Stacks | 01/12/2015 | HD30.215 .K455 2012 | 20091696 | Long Loan Books |
